Statistiques concernant Saison 22/23 Trouve le top 4 des club de chaque ligue en Europe

Cliquez ici pour prendre le quiz!

Statistiques générales

  • Ce quiz a été pris 261 fois
  • Le résultat moyen est 24 sur 32

Statistiques - réponses

Club% Correct
Manchester City
99%
Real Madrid
98%
Bayern
97%
Paris-SG
97%
Arsenal
96%
Dortmund
95%
Barcelone
94%
Inter
93%
Lens
93%
Marseille
92%
Atlético Madrid
90%
Manchester United
90%
Naples
90%
AC Milan
86%
Ajax
85%
Porto
85%
Benfica
82%
Rennes
79%
PSV
78%
Newcastle
75%
Sporting
74%
Lazio
69%
RB Leipzig
64%
Feyenoord
63%
Real Sociedad
58%
Union Berlin
58%
Braga
57%
Genk
35%
Union Saint-Gilloise
31%
AZ
27%
Antwerp
25%
Club Brugge
10%

Distribution des résultats

Percentile par nombre de réponses

% des personnes avec chaque résultat

Votre développement - résultats

Vous n’avez pas pris ce quiz